000
00283nam a22001217a 4500
020
_a
9781439888421
082
_a
631.43
_b
SHU/SO
100
_a
Shukla,Manoj K.
_9
1209
245
_a
Soil Physics: An Introduction
260
_a
Boca Raton
_b
CRC Press
_c
2014
300
_a
458
942
_c
BK
999
_c
14687
_d
14687